| 000 | 01192cam a2200325 i 4500 | ||
|---|---|---|---|
| 001 | 67892 | ||
| 003 | Mx-PuUPA | ||
| 005 | 20250918102825.0 | ||
| 008 | 181001s2012 mx o|||gr|||| 00| i spa d | ||
| 020 | _a9786077515951 | ||
| 040 |
_aMx-PuUPA _bspa _cMx-PuUPA _dMx-PuUPA _erda |
||
| 041 | 0 | _aspa | |
| 100 | 1 |
_aRulfo, Juan, _d1917-1986 _eautor _9467 |
|
| 245 | 1 | 0 |
_aCartas a Clara / _bJuan Rulfo ; prólogo, edición y notas de Alberto Vital |
| 264 | 4 |
_aMéxico, Distrito Federal : _bEditorial RM : Fundación Juan Rulfo, _c©2012 |
|
| 300 |
_a331 páginas : _bfotografías (en blanco y negro) ; _c21 cm |
||
| 336 |
_2rdacontent _atexto _btxt |
||
| 337 |
_2rdamedia _asin medio _bn |
||
| 338 |
_2rdacarrier _avolumen _bnc |
||
| 490 | 0 | _aColección Edmundo Villa de la Mora | |
| 500 | _aReimpresiones: (2a., abril de 2017). | ||
| 600 | 1 | 4 |
_aRulfo, Juan, _d1917-1986 _xCorrespondencia, memorias, etc. |
| 650 | 7 |
_2armarc _aCartas mexicanas |
|
| 700 | 1 |
_aVital, Alberto, _eprologuista |
|
| 942 |
_2ddc _cLI _h866 _iR35 |
||
| 999 |
_c67892 _d67892 |
||